Escudos de Times da 2ªDivisão Paulista 2024 - Statistics

Estatísticas Gerais
  • Esse quiz foi jogado 44 vezes
  • A pontuação média é 10 de 17
Estatísticas das Respostas
Imagem Resposta % Correto
Paulista
100%
Araçatuba
95%
Fernandópolis
89%
São Carlos
89%
Mauá
82%
Atlético Mogi
66%
União Mogi
66%
Colorado Caieiras
61%
ECUS
61%
Manthiqueira
55%
Tanabi
47%
Barcelona-SP
42%
Flamengo-SP
39%
Tupã
34%
Internacional de Bebedouro
32%
Olímpia-SP
32%
GE Mauaense
29%
Nenhum quiz correspondente encontrado
Distribuição das Pontuações
Porcentagem de Pessoas com Cada Pontuação
Percentil de Números Respondidos
Sua Pontuação Histórica
Você não jogou esse quiz